000 00314nam a2200145Ia 4500
100 _aResnick/R
942 _cBK
654 _aPhysics
245 _aIntroduction of Special Relativity
260 _bWiley Eastern Pvt. Ltd
_c1989
082 _a530.11
_bRES
300 _a226
546 _aENGLISH
999 _c29885
_d29885